Calcul mental rapide - suite de Fibonacci - Statistiques

Statistiques générales
  • Ce quiz a été pris 112 310 fois
    112 220 depuis la dernière actualisation
  • Le résultat moyen est 12 sur 23
Statistiques - réponses
Nombre % Correct
2
100%
3
99%
1
98%
5
95%
8
94%
13
89%
21
87%
34
83%
55
80%
89
77%
144
66%
233
50%
377
44%
610
33%
987
27%
1597
18%
2584
6%
4181
2%
10946
1%
6765
1%
17711
0%
28657
0%
46368
0%
Aucun quiz correspondant
Distribution des résultats
% des personnes avec chaque résultat
Percentile par nombre de réponses
Votre historique - résultats
Vous n’avez pas pris ce quiz depuis la dernière actualisation